Posouzení odolnosti vybraných materiálů na bázi dřeva vůči vytažení spojovacích prostředků = Evaluation of fasteners withdrawal resistance in various wood-based materials : původní vědecká práce /

Hlavní autor: Král, Pavel, 1959-
Další autoři: Hrázský, Jaroslav, 1949-, Filák, Michal
Jazyk: Čeština
Vydáno: Brno : Mendelova zemědělská a lesnická univerzita v Brně, 2009
Vydání: Vyd. 1.
Edice: Folia Universitatis Agriculturae et Silviculturae Mendelianae Brunensis
Témata:
Externí odkaz: Digitalizovaný dokument
Fyzický popis: 52 s. : barev. il. ; 25 cm
Language note: Anglická resumé
Knihy
Uloženo v:
LEADER 02667nam a2200565 a 4500
001 nkc20091962280
003 CZ PrNK
005 20090831091302.0
007 ta
008 090619s2009 xr a e 000 0 cze
015 |a cnb001962280 
020 |a 978-80-7375-298-9  |q (brož.) 
035 |a (OCoLC)428370649 
040 |a ABA001  |b cze 
041 0 |a cze  |b eng 
072 7 |a 620.1/.2  |x Nauka o materiálu  |2 Konspekt  |9 19 
080 |a 674.8  |2 MRF 
080 |a 621.88  |2 MRF 
080 |a 620.17  |2 MRF 
080 |a (048.8)  |2 MRF 
100 1 |a Král, Pavel,  |d 1959-  |7 jo2002103142  |4 aut 
245 1 0 |a Posouzení odolnosti vybraných materiálů na bázi dřeva vůči vytažení spojovacích prostředků =  |b Evaluation of fasteners withdrawal resistance in various wood-based materials : původní vědecká práce /  |c Pavel Král, Jaroslav Hrázský, Michal Filák 
246 3 1 |a Evaluation of fasteners withdrawal resistance in various wood-based materials 
246 1 4 |a Folia Universitatis Agriculturae et Silviculturae Mendelianae Brunensis 
246 1 5 |a Folia Mendelovy zemědělské a lesnické univerzity v Brně 
250 |a Vyd. 1. 
260 |a Brno :  |b Mendelova zemědělská a lesnická univerzita v Brně,  |c 2009 
300 |a 52 s. :  |b barev. il. ;  |c 25 cm 
490 1 |a Folia Universitatis Agriculturae et Silviculturae Mendelianae Brunensis =  |a Folia Mendelovy zemědělské a lesnické univerzity v Brně : edice původních vědeckých prací a monografií,  |x 1803-2109 ;  |v 2009, 2 
500 |a 100 výt. 
504 |a Obsahuje bibliografii 
546 |a Anglická resumé 
650 0 7 |a materiály na bázi dřeva  |7 ph525327  |2 czenas 
650 0 7 |a spojovací součásti  |7 ph125915  |2 czenas 
650 0 7 |a zkoušení mechanických vlastností materiálů  |7 ph136581  |2 czenas 
650 0 9 |a wood-based materials  |2 eczenas 
650 0 9 |a fasteners  |2 eczenas 
650 0 9 |a testing of mechanical properties of materials  |2 eczenas 
655 7 |a studie  |7 fd133597  |2 czenas 
655 9 |a studies  |2 eczenas 
700 1 |a Hrázský, Jaroslav,  |d 1949-  |7 mzk2004227815  |4 aut 
700 1 |a Filák, Michal  |7 jx20090619004  |4 aut 
830 0 |a Folia Universitatis Agriculturae et Silviculturae Mendelianae Brunensis  |0 s 
856 4 1 |u http://www.digitalniknihovna.cz/mzk/uuid/uuid:4eabbcd0-4ae8-11ee-923a-005056827e51  |y Digitalizovaný dokument  |x NDK 
910 2 |a BOA001  |b 3-1225.056 
990 |a BK 
995 |a 01 
991 |b 200907  |c NOV 
996 6 |b 2610380965  |c 3-1225.056  |l MZK  |r Sklad / do 1 hodiny  |n 0  |p p.v.  |w 000944368  |u 000010  |a 1  |e BOA001  |j MZK50  |s P 
996 7 |b 2610380966  |c 3-1225.056  |l MZK  |r Sklad / do 1 hodiny  |n 1  |p p.v.  |w 000944368  |u 000020  |a 1  |e BOA001  |j MZK50  |s A